Process systems analysis and control (Record no. 13575)

000 -LEADER
fixed length control field 00578nam a22002051 4500
001 - CONTROL NUMBER
control field 13575
003 - CONTROL NUMBER IDENTIFIER
control field BD-DhUET
008 - FIXED-LENGTH DATA ELEMENTS--GENERAL INFORMATION
fixed length control field 730306s1965 nyua b 000 0 eng
040 ## - CATALOGING SOURCE
Original cataloging agency DLC
Transcribing agency DLC
Modifying agency BD-DhUET
082 ## - DEWEY DECIMAL CLASSIFICATION NUMBER
Classification number 660.284
Item number COU/1965
100 1# - MAIN ENTRY--PERSONAL NAME
Personal name Coughanowr, Donald R.
245 10 - TITLE STATEMENT
Title Process systems analysis and control
250 ## - EDITION STATEMENT
Edition statement 1st ed.
260 ## - PUBLICATION, DISTRIBUTION, ETC. (IMPRINT)
Place of publication, distribution, etc. New York
Name of publisher, distributor, etc. McGraw-Hill
Date of publication, distribution, etc. 1965
300 ## - PHYSICAL DESCRIPTION
Extent xii, 491 p.
Other physical details ill.
Dimensions 21 cm.
490 ## - SERIES STATEMENT
Series statement McGraw-Hill chemical engineering series
650 #0 - SUBJECT ADDED ENTRY--TOPICAL TERM
Topical term or geographic name as entry element Control devices process engineering
700 ## - ADDED ENTRY--PERSONAL NAME
Personal name Koppel, Lowell B.
942 ## - ADDED ENTRY ELEMENTS (KOHA)
Koha item type General Book
Holdings
Koha full call number Koha normalized classification for sorting Koha item type Date acquired Sublocation or collection (holding branch) Copy number Price effective from Source of classification or shelving scheme Koha date last borrowed Piece designation (barcode) Lost status Shelving location Withdrawn status Damaged status Koha issues (times borrowed) Location (home branch) Not for loan Koha date last seen
660.284/COU/1965660_284000000000000_COU_1965General Book2015-03-03Central Library, BUET12015-03-03  29699 Circulation section   Central Library, BUET 2015-03-03
660.284/COU/1965660_284000000000000_COU_1965General Book2015-03-03Central Library, BUET22015-03-03 2017-05-0929689 Circulation section  1Central Library, BUET 2017-05-09
660.284/COU/1965660_284000000000000_COU_1965General Book2015-03-03Central Library, BUET32015-03-03  29697 Circulation section   Central Library, BUET 2015-03-03
660.284/COU/1965660_284000000000000_COU_1965General Book2015-03-03Central Library, BUET42015-03-03  29692 Circulation section   Central Library, BUET 2015-03-03
660.284/COU/1965660_284000000000000_COU_1965General Book2015-03-03Central Library, BUET52015-03-03  29698 Circulation section   Central Library, BUET 2015-03-03
660.284/COU/1965660_284000000000000_COU_1965General Book2015-03-03Central Library, BUET62015-03-03  29690 Circulation section   Central Library, BUET 2015-03-03
660.284/COU/1965660_284000000000000_COU_1965General Book2015-03-03Central Library, BUET72015-03-03  29688 Cataloging to Circulation   Central Library, BUET 2015-03-03
660.284/COU/1965660_284000000000000_COU_1965General Book2015-03-04Central Library, BUET82015-03-04  34519 Circulation section   Central Library, BUET 2015-03-04
660.284/COU/1965660_284000000000000_COU_1965General Book2015-05-11Central Library, BUET92015-05-11  29694 Circulation section   Central Library, BUET 2015-05-11
660.284/COU/1965660_284000000000000_COU_1965General Book2015-05-11Central Library, BUET102015-05-11  29696 Circulation section   Central Library, BUET 2015-05-11
660.284/COU/1965660_284000000000000_COU_1965General Book2015-05-13Central Library, BUET112015-05-13  29695 Circulation section   Central Library, BUET 2015-05-13
660.284/COU/1965660_284000000000000_COU_1965General Book2015-05-14Central Library, BUET122015-05-14  17869 Circulation section   Central Library, BUET 2015-05-14
660.284/COU/1965660_284000000000000_COU_1965General Book2015-05-18Central Library, BUET132015-05-18  15822 Circulation section   Central Library, BUET 2015-05-18
660.284/COU/1965660_284000000000000_COU_1965General Book2015-06-20Central Library, BUET142015-06-20  29700 Reading section   Central Library, BUET 2015-06-20
660.284/COU/1965660_284000000000000_COU_1965General Book2015-06-20Central Library, BUET152015-06-20  29701 Reading section   Central Library, BUET 2015-06-20
660.284/COU/1965660_284000000000000_COU_1965General Book2015-07-10Central Library, BUET162015-07-10  16716 Circulation section   Central Library, BUET 2015-07-10